000 01163cam a22003377a 4500
003 CHAP
005 20220817041137.0
008 971013s1992 r 00010 d
010 _a7363
011 _a8335
035 _a7561
040 _cCHAP
082 _a581.634
_bE8 1992
100 0 0 _aEstrada Lugo, Erick
_eed.
_938404
245 0 _aPlantas medicinales de México
_b: introducción a su estudio
250 _a4ed.
260 _aChapingo, Méx. :
_bUACH. Departamento de Fitotecnia,
_c1992.
300 _a566 p.
590 _aBATCH-UPD
_b10
_c20130110
_lUCH01
_h1041
590 _aBATCH-UPD
_b10
_c20130410
_lUCH01
_h0640
590 _aBATCH-UPD
_b10
_c20130914
_lUCH01
_h0727
590 _aCONVERSION
_b10
_c20130109
_lUCH01
_h1305
650 1 4 _aBotánica médica.
_914680
650 1 4 _aBotánica
_zMéxico.
_914641
710 _aUACH. Departamento de Fitotecnia
901 _aBK
942 _cLIBRO
949 _a581.634 E8 1992
_bBC
_cLIBRO
_d33724000581781
_eLIBRO
_fc.3
_h97150
_i7561
_si
949 _a581.634 E8 1992
_bBC
_cLIBRO
_d33724000748844
_eLIBRO
_fc.2
_h97149
_i7561
_sm
949 _a581.634 E8 1992
_bBC
_cUACH
_d154545
_eUACH
_gI. c/e
_h83793
_i7561
_sb
_t60.00
999 _c7363
_d7363